Meu tempo desgaxado (Record no. 82288)
[ view plain ]
| 000 -LEADER | |
|---|---|
| campo de control de longitud fija | 00493nam a2200169 i 4500 |
| 001 - NÚMERO DE CONTROL | |
| campo de control | 82288 |
| 003 - IDENTIFICADOR DE NÚMERO DE CONTROL | |
| campo de control | ES-MaACL |
| 005 - FECHA Y HORA DE LA ÚLTIMA TRANSACCIÓN | |
| campo de control | 20230906174641.0 |
| 007 - CAMPO FIJO DE DESCRIPCIÓN FÍSICA--INFORMACIÓN GENERAL | |
| campo de control de longitud fija | t| |
| 008 - DATOS DE LONGITUD FIJA--INFORMACIÓN GENERAL | |
| campo de control de longitud fija | 041108s1970 sp ||||1| gao d |
| 100 1# - ENTRADA PRINCIPAL--NOMBRE DE PERSONA | |
| Nombre de persona | Iglesias de Souza, Luis. |
| 9 (RLIN) | 65106 |
| 245 10 - MENCIÓN DEL TÍTULO | |
| Título | Meu tempo desgaxado |
| Resto del título | : = Mi tiempo desgarrado / |
| Mención de responsabilidad, etc. | Luis Iglesias de Souza. |
| 260 ## - PUBLICACIÓN, DISTRIBUCIÓN, ETC. | |
| Lugar de publicación, distribución, etc. | La Coruña : |
| Nombre del editor, distribuidor, etc. | [s.n., |
| Fecha de publicación, distribución, etc. | 1970] |
| 300 ## - DESCRIPCIÓN FÍSICA | |
| Extensión | 32 p. ; |
| Dimensiones | 17 cm. |
| 740 0# - ENTRADA AGREGADA--TÍTULO RELACIONADO/ANALÍTICO NO CONTROLADO | |
| Título relacionado o analítico no controlado | Mi tiempo desgarrado. |
| 852 ## - LOCALIZACIÓN | |
| Ubicación | ES-MaACL |
| Número de control de estantería | 2073-F-13 |
| Sublocalización o colección | R.75001 |
| Estatus retirado | Estado de pérdida | Estado de daño | No para préstamo | Colección | Biblioteca de origen | Biblioteca actual | Ubicación en estantería | Fecha de adquisición | Fuente de adquisición | Total de préstamos | Signatura topográfica completa | Código de barras | Visto por última vez | Precio de reemplazo | Tipo de ítem Koha |
|---|---|---|---|---|---|---|---|---|---|---|---|---|---|---|---|
| Colección de folletos | Biblioteca del Ateneo de Madrid | Biblioteca del Ateneo de Madrid | Depósito folletos | 17/01/2008 | 2073-F-13 | 1086000 | 23/02/2023 | 23/02/2023 | Folleto |
